000 00795na a2200217 4500
001 19149
003 MIRAKIL
005 20181213155056.0
008 161209b tu 000 0
040 _aMilas
_btur
_cTR-AnCHP
041 _atur
082 _a070.195
_bA12 1997
090 _a070.195 A12 1997
111 _aABD ve Türkiye'de televizyon yayıncılığının sorunları
_cİstanbul
_d1997
245 _aABD ve Türkiye'de televizyon yayıncılığının sorunları
_bAydın Doğan Vakfı ile Amerikan Basın ve Kültür Merkezi ortak sempozyumu
_cAydın Doğan Vakfı
260 _aİstanbul
_bAydın Doğan Vakfı
_c1997
300 _a212 s.
_c19 sm.
650 _aTelevizyon yayıncılığı
_xToplantılar
_zTürkiye
650 _aMedya
_xToplantılar
_zTürkiye
942 _2dcc
_cBKS
999 _c6089
_d6089